000 00330nam a2200133Ia 4500
008 210210b1970 xxu||||| |||| 00| 0 eng d
082 _a301 LYMS
100 _aLYMAN (Standard M) & SCOTT (Marvin).
245 _aSociology of the absurd.
260 _aNY
_bA C C
_c1970
300 _axi,221
690 _aSociology
906 _a041004
999 _c91161
_d91161